Представление документа в формате RUSMARC

ПолеНазваниеЗначение
  Тип записи a
  Библиографический уровень m
001 Контрольный номер RU/УОНБ/EK_N/606140743
005 Дата корректировки 20240131005117.4
013 Номер (ISMN) __
d Цена 422 р.
071 Издательские номер (звукозапись и ноты) 21
a Номер, присвоенный агентством 8096
100 Данные общей обработки __
a Данные общей обработки 20190317d2019 u y0rusy0189||||ba
101 Язык документа 0_
a Язык текста ger
f Язык титульного листа ger
102 Страна публикации __
a Страна публикации DE
105 Кодированные данные (монография) __
a Кодированные данные (монография) y###||||000|y
125 Кодированные данные звукозаписи и нотных изданий __
a Форма изложения нотного текста с|
128 Кодированные данные (звукозаписи-физические характеристики) __
a Кодированные данные: Музыкальная форма и тональность или лад zz
b Инструменты или голоса, необходимые для ансамблей (устаревшее) ka||
c Инструменты или голоса, рекомендуемые для солистов (устаревшее) sc||
200 Заглавие и сведения об ответственности 1_
a Заглавие Mendelssohn-Schumann
b Общее обозначение материала Ноты
215 Физическое описание __
a Объем 28 с., 1 парт. (8 с.)
327 Примечание о содержании 11
a Примечание о содержании Содерж. : Felix Mendelssohn Bartholdy (1809-1847) : Allegretto aus der Symphonie-Kantate "Lobgesang" ; Notturno aus dem "Sommernachtstraum" ; Fruhlingslied Opus 47 Nr. 3 ; Adagio aus der Symphonie Nr. 3 a-Moll ; Lied ohne Worte aus Opus 53. - Robert Schumann (1810-1856) : Traumerei Opus 15 Nr. 7 ; Melodie aus Opus 68 ; Die Lotosblume ; Wiegenliedchen Opus 124 Nr. 6 ; Schlummerlied Opus 124 Nr. 16.
461 Уровень набора _0
1 001RU/УОНБ/EK_N/606134113
1 200
a Meister fur die Jugend
b Ноты
d [Мастера для юношества]
e Beruhmte Stucke fur Violoncello und Klavier = [попул. пьесы для в-чели и фп.]
f Bearbeitet und hrgs. von Georg Goltermann
v [Вып. 3]
1 210
a Frankfurt
c C. F. Peters
1 225
a Edition Peters
464 Аналитический уровень _0
1 2001
a Allegretto
e aus der Symphonie-Kantate "Lobgesang"
1 700 1
a Mendelssohn Bartholdy
b F.
464 Аналитический уровень _0
1 2001
a Traumerei
e Opus 15 Nr. 7
1 700 1
a Schumann
b R.
464 Аналитический уровень _0
1 2001
a Notturno
e aus dem "Sommernachtstraum"
1 700 1
a Mendelssohn Bartholdy
b F.
464 Аналитический уровень _0
1 2001
a Fruhlingslied
e Opus 47 Nr. 3
1 700 1
a Mendelssohn Bartholdy
b F.
464 Аналитический уровень _0
1 2001
a Adagio
e aus der Symphonie Nr. 3 a-Moll
1 700 1
a Mendelssohn Bartholdy
b F.
464 Аналитический уровень _0
1 2001
a Lied ohne Worte
e Opus 53
1 700 1
a Mendelssohn Bartholdy
b F.
464 Аналитический уровень _0
1 2001
a Melodie
e aus Opus 68
1 700 1
a Schumann
b R.
464 Аналитический уровень _0
1 2001
a Die Lotosblume
1 700 1
a Schumann
b R.
464 Аналитический уровень _0
1 2001
a Wiegenliedchen
e Opus 124 Nr. 6
1 700 1
a Schumann
b R.
464 Аналитический уровень _0
1 2001
a Schlummerlied
e Opus 124 Nr. 16
1 700 1
a Schumann
b R.
500 Унифицированное заглавие 10
a Унифицированное заглавие Пьесы
512 Заглавие обложки 1_
a Заглавие обложки Meister fur die Jugend
517 Другие варианты заглавия 1_
a Другие варианты заглавия Masters for the Young
517 Другие варианты заглавия 1_
a Другие варианты заглавия Maitres pour la jeunesse
600 Персоналии _1
a Персоналии (Фамилия) Мендельсон, Феликс
600 Персоналии _1
a Персоналии (Фамилия) Шуман, Роберт
606 Тематические рубрики 0_
a Основная рубрика Виолончельная музыка зарубежная
x Основная подрубрика Пьесы
610 Ключевые слова 0_
a Ключевые слова виолончель
610 Ключевые слова 0_
a Ключевые слова пьесы
610 Ключевые слова 0_
a Ключевые слова Мендельсон Ф.
610 Ключевые слова 0_
a Ключевые слова Шуман Р.
686 Индексы других классификаций __
a Классификационный индекс 85.955.6-42-058.8(3)я43
2 Код системы rubbk
801 Источник записи _0
a Страна RU
b Организация Ульяновская ОНБ
c Дата составления 20190317
g Правила каталогизации RCR
801 Источник записи _1
a Страна RU
b Организация Ульяновская ОНБ
c Дата составления 20190317
g Правила каталогизации RCR
901 Тип документа __
t Тип документа n
w Контрольный № источника RU/УОНБ/EK_N/606134113
909 Создатель записи __
a Создатель записи Грязнова И. Е.
938 Служебная информация __
a Имя БД noti
b Имя библиотеки УОНБ
c Имя АИБС МАРК-SQL
d Номер DOC_ID в БД 20258